La sana crítica bajo sospecha

Na minha lista:
Detalhes bibliográficos
Autor principal: Benfeld Escobar, Johann Sebastian (autor)
Outros Autores: Larroucau Torres, Jorge Andrés (autor)
Formato: Livro
Idioma:espanhol
Publicado em: Valparaíso Ediciones Universitarias de Valparaíso 2018
Edição:1a. ed
coleção:Colección Legal. Serie Monografías y Escritos Reunidos. Escuela de Derecho PUCV
Assuntos:
Tags: Adicionar Tag
Sem tags, seja o primeiro a adicionar uma tag!

MARC

LEADER 00000cam a2200000 a 4500
001 UCC4034
003 CL-VaPUC
008 180629e20180000cl |||||||||||||||||spa|d
020 |a 9789561707771 
082 0 4 |a 347.06  |b BEN  |2 21 
100 |a Benfeld Escobar, Johann Sebastian  |e autor  |9 598153 
700 |a Larroucau Torres, Jorge Andrés  |e autor  |9 800269 
245 1 3 |a La sana crítica bajo sospecha 
250 |a 1a. ed 
300 |a 210 p 
942 |c BK 
945 |d 20180629 12:42:00  |a arojas 
260 |a Valparaíso  |b Ediciones Universitarias de Valparaíso  |c 2018 
650 7 |a PRUEBA PERICIAL  |2 CL-VaPUC  |9 258499 
650 0 |a Derecho procesal penal  |9 255496 
650 0 |a Procedimiento civil  |9 254870 
650 7 |a PERITAJE  |2 CL-VaPUC  |9 460010 
650 0 |a Prueba testimonial  |9 370024 
583 |a last modification  |c 20190607 09:12:04  |k Rodrigo Vera 
490 0 |a Colección Legal. Serie Monografías y Escritos Reunidos. Escuela de Derecho PUCV 
999 |c 371642  |d 371640 
952 |0 0  |1 0  |2 ddc  |3 erb  |4 0  |6 347_060000000000000_BEN_2018  |7 1  |8 C_LRYV  |9 488707  |a BIBDER  |b BIBDER  |i 5478731  |o 347.06 BEN 2018  |p 5478731  |r 2023-01-25  |w 2019-11-24  |y BK_X  |z Catalogado en:20180629  |k BRV 
952 |0 0  |1 0  |3 erb  |4 0  |6 347_060000000000000_BEN_2018  |7 0  |8 A  |9 488708  |a BIBDER  |b BIBDER  |i 5478758  |l 10  |m 3  |o 347.06 BEN 2018  |p 5478758  |r 2025-04-28  |s 2025-04-26  |w 2019-11-24  |y BK  |z Catalogado en:20180629  |k DER 
952 |0 0  |1 0  |3 erb  |4 0  |6 347_060000000000000_BEN_2018  |7 0  |8 A  |9 488709  |a BIBDER  |b BIBDER  |i 5478804  |l 8  |o 347.06 BEN 2018  |p 5478804  |r 2024-05-03  |s 2024-04-23  |w 2019-11-24  |y BK  |z Catalogado en:20180629  |k DER